| 000 | 00591nam a2200217 a 4500 | ||
|---|---|---|---|
| 999 |
_c4948 _d4948 |
||
| 001 | 4948 | ||
| 003 | BD-JhCC | ||
| 005 | 20171205195103.0 | ||
| 008 | 171205s1968 p |||| || | 000 0 eng d | ||
| 035 | _a(BD-JhCC)4948 | ||
| 040 |
_aBD-JhCC _dBD-JhCC |
||
| 041 | _aeng | ||
| 082 |
_a813.54 _bJAM 1968 |
||
| 100 | _aJameelah, Maryam | ||
| 245 |
_aAhmad Khalil : _bThe Biography of a Palestinian Arab Refugee / _cMaryam Jameelah, |
||
| 260 |
_aW. Pakistan _bMohammad Yousuf Khan, _c1968. |
||
| 300 |
_a146 p. : _c18 cm. |
||
| 650 | _aPalestinian Arabs | ||
| 942 |
_2ddc _cBK |
||